000 00460nam a2200169 a 4500
005 20140412111238.0
008 050516s19uu xx 00 eng d
020 _a0-15-770044-5
050 _aM 707
_bH861 1987
100 _aHubbard, Guy
245 _aArt in action /
_cGuy Hubbard.
260 _aSan Diego :
_bCoronado Publishers,
_c1987.
300 _a736 p. ; ill.
650 _aArt
_xJuvenile literature
650 _aArt aprreciation
999 _c102573
_d102573